000 00557cas a2200169 4500
008 150209n eng u
022 _a0873352211
035 _a(Sirsi) a187958
050 _aTN 145 BIS 2003
100 _aBise, Christopher J.
245 _aMining engineering analysis /
_cChristopher J. Bise
250 _a2nd ed.
260 _aLittleton, Colo. :
_bSociety for Mining, Metallurgy, and Exploration,
_c2003.
300 _axiv, 313 p. :
_bill.
504 _aIncludes bibliographical references and index
650 _aMining engineering
999 _c123691
_d123691